Под кодовым названием "Эдельвейс": роман; пер. с укр.

Bibliographische Detailangaben
1. Verfasser: Поплавский П. И. Петр Иванович
Weitere Verfasser: Ячейкин Ю. Д. Юрий Дмитриевич (переводчик), Струк А. Арсентий (иллюстратор), Ганнушкин А. Алексей
Zusammenfassung:Исключено из фонда НТБ ТПУ
Sprache:Russisch
Veröffentlicht: Москва, Советский писатель, 1987
Format: MixedMaterials Buch
KOHA link:https://koha.lib.tpu.ru/cgi-bin/koha/opac-detail.pl?biblionumber=147523

MARC

LEADER 00000nam0a2200000 4500
001 147523
005 20231031145059.0
020 |a RU  |b 87-70009 
035 |a (RuTPU)RU\TPU\book\159910 
090 |a 147523 
100 |a 20081117d1987 m y0rusy5003 ca 
101 1 |a rus  |c ukr 
102 |a RU 
105 |a y z 000ay 
200 1 |a Под кодовым названием "Эдельвейс"  |e роман  |e пер. с укр.  |f П. И. Поплавский, Ю. Д. Ячейкин  |g пер. А. Струк ; худож. А. Ганнушкин 
210 |a Москва  |c Советский писатель  |d 1987 
215 |a 462,[2] с. 
333 |a Исключено из фонда НТБ ТПУ 
675 |a 883  |v 3 
700 1 |a Поплавский  |b П. И.  |g Петр Иванович 
701 1 |a Ячейкин  |b Ю. Д.  |g Юрий Дмитриевич 
702 1 |a Струк  |b А.  |g Арсентий  |4 730 
702 1 |a Ганнушкин  |b А.  |g Алексей  |4 440 
801 0 |a RU  |b RuMRKP  |c 19950417  |g psbo 
801 1 |a RU  |b 63413507  |c 20081117  |g PSBO 
801 2 |a RU  |b 63413507  |c 20210511  |g PSBO 
942 |c BK